[Event "Lisbon-ch"]
[Site "?"]
[Date "2000.03.29"]
[Round "7"]
[White "Dias Paulo"]
[Black "Andrade Ocana Jose Antonio"]
[Result "1/2-1/2"]
[WhiteElo "2267"]
[BlackElo "2196"]
[PlyCount "93"]
[EventDate "2000.??.??"]
[Source "www.chesslib.no"]
[SourceDate "2004.05.04"]

1. d4 d6 2. c4 g6 3. Nc3 Bg7 4. e4 Nc6 5. d5 Nb8 6. Nf3 Nf6 7. h3 Nbd7 8. Bd3 e5 9. g4 h5 10. g5 Nh7 11. Be3 a6 12. Qd2 Nc5 13. O-O-O Bd7 14. Bc2 b5 15. b4 Nb7 16. c5 dxc5 17. bxc5 Na5 18. c6 Bc8 19. Bb3 Qd6 20. Ne1 Bf8 21. Nd3 Qa3+ 22. Qb2 Qxb2+ 23. Kxb2 Bd6 24. f4 exf4 25. Bd4 O-O 26. e5 Be7 27. h4 Bg4 28. Rdf1 b4 29. Ne4 Rad8 30. Nxf4 Nxc6 31. dxc6 Rxd4 32. Nxg6 Rxe4 33. Nxe7+ Kg7 34. Nf5+ Kg6 35. Ne7+ Kg7 36. Re1 Rxe1 37. Rxe1 Be6 38. Nd5 Bxd5 39. Bxd5 Rd8 40. Bb3 Re8 41. Rf1 Re7 42. Bd1 Rxe5 43. Bxh5 f6 44. gxf6+ Nxf6 45. Bf3 Re3 46. Bd1 Rc3 47. Ba4 1/2-1/2

[Event "BL2-Sued 0001"]
[Site "Germany"]
[Date "2000.12.10"]
[Round "3.8"]
[White "Simon, Holger"]
[Black "Lorscheid, Gerhard"]
[Result "0-1"]
[WhiteElo "2146"]
[BlackElo "2306"]
[PlyCount "66"]
[EventDate "2000.10.15"]
[Source "ChessBase"]
[SourceDate "2001.07.03"]

1. d4 d6 2. c4 g6 3. Nc3 Bg7 4. e4 Nc6 5. Be3 e5 6. d5 Nce7 7. c5 f5 8. cxd6 cxd6 9. Qa4+ Kf8 10. f3 Bh6 11. Bxh6+ Nxh6 12. Nb5 a6 13. Qa3 Nf7 14. Rc1 Qb6 15. Nc7 Rb8 16. Rc3 Bd7 17. Qb3 Qxb3 18. Rxb3 Kg7 19. Ne6+ Bxe6 20. dxe6 Ng5 21. Bc4 fxe4 22. h4 Rhc8 23. hxg5 Rxc4 24. Ne2 exf3 25. Rxf3 Nf5 26. O-O Re8 27. Ng3 Nxg3 28. Rxg3 Rxe6 29. Rgf3 Rc7 30. Rf8 Ree7 31. Rb8 Rf7 32. Rd1 Rcd7 33. Rc1 Rf8 0-1

[Event "HUN Team Ch"]
[Site "HUN"]
[Date "1993.??.??"]
[Round "?"]
[White "Szekeres, Tibor"]
[Black "Piroth, Attila"]
[Result "1/2-1/2"]
[WhiteElo "2220"]
[BlackElo "2230"]
[PlyCount "28"]
[EventDate "1993.??.??"]
[Source "www.chesslib.no"]
[SourceDate "2004.05.04"]

1. d4 d6 2. c4 g6 3. Nc3 Bg7 4. e4 Nc6 5. Nge2 e5 6. d5 Nce7 7. Ng3 Nf6 8. Be2 O-O 9. O-O Ne8 10. Be3 f5 11. exf5 Nxf5 12. Nxf5 Bxf5 13. Qd2 Nf6 14. Rad1 Qd7 1/2-1/2

[Event "CM.1996.0.00015"]
[Site "CM.1996.0.00015"]
[Date "1996.??.??"]
[Round "?"]
[White "Von Wersch, Oliver"]
[Black "Tarmak, Mart"]
[Result "1/2-1/2"]
[WhiteElo "2160"]
[BlackElo "2270"]
[PlyCount "74"]
[EventDate "1996.??.??"]
[Source "www.chesslib.no"]
[SourceDate "2004.05.04"]

1. d4 d6 2. c4 g6 3. Nc3 Bg7 4. e4 Nc6 5. Be3 e5 6. Nge2 Nh6 7. f3 f5 8. Qd2 f4 9. Bf2 Nf7 10. d5 Ne7 11. O-O-O b6 12. g3 g5 13. Kb1 Ng6 14. Nc1 g4 15. Be2 h5 16. Nd3 Bh6 17. gxf4 Nxf4 18. Nxf4 Bxf4 19. Be3 Qg5 20. Bxf4 Qxf4 21. Qxf4 exf4 22. Rdf1 Ne5 23. fxg4 f3 24. Bxf3 Nxc4 25. Rf2 O-O 26. Rhf1 hxg4 27. Bg2 Ba6 28. Rxf8+ Rxf8 29. Rxf8+ Kxf8 30. Nd1 Ke7 31. Kc2 Kf6 32. b3 Ne5 33. Kd2 Kg5 34. Ke3 Kh4 35. Nf2 Bb5 36. Nh1 a5 37. Ng3 Bd7 1/2-1/2

[Event "Seefeld op 11th"]
[Site "?"]
[Date "2000.09.19"]
[Round "4"]
[White "Heinig Wolfram"]
[Black "Niedermair Hannes"]
[Result "1-0"]
[WhiteElo "2294"]
[BlackElo "2122"]
[PlyCount "73"]
[EventDate "2000.??.??"]
[Source "www.chesslib.no"]
[SourceDate "2004.05.04"]

1. d4 d6 2. c4 g6 3. Nc3 Bg7 4. e4 Nc6 5. d5 Nb8 6. Bd3 c5 7. h3 Nf6 8. Nf3 Nbd7 9. O-O O-O 10. Be3 a6 11. a3 Ne8 12. Qd2 Nc7 13. Bh6 Rb8 14. a4 b6 15. Rfe1 Ne5 16. Nxe5 dxe5 17. Bxg7 Kxg7 18. f4 Qd6 19. f5 Bd7 20. Nd1 b5 21. axb5 axb5 22. b3 bxc4 23. bxc4 Rb3 24. Bc2 Rb4 25. Ne3 Rfb8 26. Rf1 Ne8 27. Ng4 Nf6 28. Qh6+ Kg8 29. Ne3 Nh5 30. Ng4 Nf4 31. Rxf4 gxf5 32. Qxd6 exd6 33. Nf6+ Kg7 34. Nxd7 Rd8 35. Rxf5 Rxd7 36. Ra4 Rb2 37. Rf2 1-0

[Event "Seefeld op 11th"]
[Site "?"]
[Date "2000.09.17"]
[Round "2"]
[White "Heinig Wolfram"]
[Black "Mueller Norbert"]
[Result "1/2-1/2"]
[WhiteElo "2294"]
[BlackElo "2118"]
[PlyCount "107"]
[EventDate "2000.??.??"]
[Source "www.chesslib.no"]
[SourceDate "2004.05.04"]

1. d4 d6 2. c4 g6 3. Nc3 Bg7 4. e4 Nc6 5. d5 Nd4 6. Be3 c5 7. Nge2 Nxe2 8. Bxe2 Nf6 9. O-O O-O 10. Qd2 a6 11. a3 Rb8 12. b4 b6 13. Rab1 Qc7 14. h3 e5 15. dxe6 Bxe6 16. Bf4 Rfd8 17. Rfd1 Ne8 18. Nd5 Bxd5 19. exd5 Bd4 20. Bg5 Bf6 21. Bd3 Bxg5 22. Qxg5 Kg7 23. Re1 Nf6 24. Qd2 Ng8 25. Qc3+ f6 26. Re6 Re8 27. Rbe1 Rxe6 28. Rxe6 Kf7 29. Be2 Re8 30. Bg4 Rxe6 31. Bxe6+ Kg7 32. Bxg8 Kxg8 33. Qxf6 cxb4 34. axb4 a5 35. Qc3 a4 36. Kf1 a3 37. Qxa3 Qxc4+ 38. Kg1 Qxd5 39. Qe3 Qc6 40. Qe6+ Kg7 41. Qe7+ Kg8 42. Qe6+ Kg7 43. g3 Qc1+ 44. Kg2 Qc6+ 45. Kh2 b5 46. h4 Qf3 47. Qd7+ Kg8 48. Qxb5 Qxf2+ 49. Kh3 h5 50. Qd5+ Kg7 51. Qg2 Qd4 52. b5 d5 53. Qf3 Qb4 54. Qxd5 1/2-1/2

[Event "St-Veit Open"]
[Site "?"]
[Date "2004.??.??"]
[Round "2.3"]
[White "Kainz Josef"]
[Black "Kaspret Guido"]
[Result "0-1"]
[WhiteElo "2077"]
[BlackElo "2319"]
[PlyCount "64"]
[EventDate "2004.??.??"]
[Source "www.chesslib.no"]
[SourceDate "2004.05.04"]

1. d4 d6 2. c4 g6 3. Nc3 Bg7 4. e4 Nc6 5. Be3 e5 6. d5 Nd4 7. Nge2 Nxe2 8. Bxe2 f5 9. Qc2 f4 10. Bd2 Nf6 11. g3 O-O 12. O-O-O Ng4 13. Bxg4 Bxg4 14. Rde1 Qd7 15. Ne2 fxg3 16. fxg3 Bh3 17. Be3 c6 18. Nc3 cxd5 19. cxd5 Rfc8 20. Kb1 b5 21. Qd2 b4 22. Nd1 Rc4 23. b3 Rxe4 24. Nf2 Bf5 25. Kb2 Rxe3 26. Qxe3 e4+ 27. Kb1 Qe7 28. a3 Qe5 29. Re2 Qa1+ 30. Kc2 Rc8+ 31. Kd2 Bc3+ 32. Kc2 Bd4+ 0-1

[Event "ch-Arab"]
[Site "?"]
[Date "2004.08.08"]
[Round "6"]
[White "Abdul Moula Sabri"]
[Black "Ihsan Jawad"]
[Result "1/2-1/2"]
[WhiteElo "2196"]
[BlackElo "2195"]
[PlyCount "97"]
[EventDate "2004.??.??"]
[Source "www.chesslib.no"]
[SourceDate "2004.05.04"]

1. d4 d6 2. c4 g6 3. Nc3 Bg7 4. e4 Nc6 5. d5 Nd4 6. Be3 c5 7. Nge2 Qb6 8. Qd2 Bg4 9. h3 Bxe2 10. Bxe2 Nf6 11. O-O O-O 12. Rab1 Nd7 13. Rfd1 Qb4 14. Bf1 f5 15. Bxd4 Bxd4 16. Nb5 Qxd2 17. Rxd2 Be5 18. Nc7 Rac8 19. Ne6 Rf7 20. exf5 Rxf5 21. Bd3 Rf7 22. Rf1 Nf8 23. Ng5 Bf4 24. Nxf7 Bxd2 25. Rd1 Bf4 26. g3 Bxg3 27. Nh6+ Kg7 28. Nf5+ gxf5 29. fxg3 f4 30. gxf4 Ng6 31. Bxg6 hxg6 32. Kf2 Rb8 33. a4 a6 34. Kg3 b5 35. cxb5 axb5 36. a5 Ra8 37. Ra1 Ra6 38. Kg4 Kf6 39. h4 c4 40. Ra3 e6 41. dxe6 Kxe6 42. Kg5 Kf7 43. f5 gxf5 44. Kxf5 b4 45. Ra4 c3 46. bxc3 bxc3 47. Ke4 c2 48. Rc4 Rxa5 49. Rxc2 1/2-1/2

[Event "Open"]
[Site "?"]
[Date "2004.12.07"]
[Round "4"]
[White "Milekic Danijel"]
[Black "Kelecevic Mladen"]
[Result "1/2-1/2"]
[WhiteElo "2054"]
[BlackElo "2335"]
[PlyCount "123"]
[EventDate "2004.??.??"]
[Source "www.chesslib.no"]
[SourceDate "2004.05.04"]

1. d4 d6 2. c4 g6 3. Nc3 Bg7 4. e4 Nc6 5. d5 Nb8 6. Bg5 c6 7. Nf3 Bg4 8. Be2 Nd7 9. O-O Ngf6 10. Re1 O-O 11. h3 Bxf3 12. Bxf3 Rc8 13. Be2 cxd5 14. exd5 Nb6 15. b3 a6 16. Rc1 Nbd7 17. Be3 Qa5 18. Bd4 b5 19. cxb5 axb5 20. Nxb5 Rxc1 21. Qxc1 Nxd5 22. Bxg7 Kxg7 23. Bc4 N7f6 24. a4 Qb4 25. Qa1 Kg8 26. Nd4 Rc8 27. Nf3 Rc5 28. Nh2 e5 29. Rd1 Qb6 30. Nf3 Qc7 31. Ne1 Nb4 32. Nd3 Nxd3 33. Bxd3 Nd5 34. Bf1 Nb4 35. Qa3 Qb6 36. Rc1 Nc2 37. Qb2 Nb4 38. Rxc5 Qxc5 39. Qe2 f6 40. Qb5 Kf8 41. a5 Nc6 42. b4 Qxb5 43. Bxb5 Nxb4 44. a6 Nd5 45. a7 Nb6 46. Bc6 Ke7 47. a8=Q Nxa8 48. Bxa8 Ke6 49. Be4 d5 50. Bb1 e4 51. Kf1 Ke5 52. Ke2 f5 53. Ba2 h6 54. Bb3 g5 55. Ba4 d4 56. Bb5 d3+ 57. Bxd3 exd3+ 58. Kxd3 h5 59. Ke3 f4+ 60. Kd3 Kd5 61. g4 hxg4 62. hxg4 1/2-1/2

[Event "Serpukhov Lushki B"]
[Site "?"]
[Date "2004.11.26"]
[Round "11"]
[White "Sobyanin Viktor"]
[Black "Tkachenko Evgeny"]
[Result "1-0"]
[WhiteElo "2277"]
[BlackElo "2107"]
[PlyCount "73"]
[EventDate "2004.??.??"]
[Source "www.chesslib.no"]
[SourceDate "2004.05.04"]

1. d4 d6 2. c4 g6 3. Nc3 Bg7 4. e4 Nc6 5. Be3 e5 6. d5 Nce7 7. g4 Nh6 8. g5 Nhg8 9. h4 h6 10. Bh3 hxg5 11. hxg5 Bxh3 12. Rxh3 Qd7 13. Qf3 f5 14. Rxh8 Bxh8 15. Qh1 Bg7 16. f3 Nc8 17. O-O-O Nb6 18. b3 Ne7 19. Nge2 Kf7 20. c5 dxc5 21. Bxc5 Rh8 22. Qg1 Nec8 23. exf5 gxf5 24. g6+ Kg8 25. f4 e4 26. Bd4 Nd6 27. Qg5 Bh6 28. Qg3 Bg7 29. Be5 Qe7 30. Rg1 Nd7 31. Bd4 a6 32. Kb1 Rh6 33. Qe3 Nf8 34. Rg5 Rxg6 35. Rh5 Qf7 36. Qh3 Rg4 37. Rh8+ 1-0

[Event "Corr"]
[Site "?"]
[Date "1998.??.??"]
[Round "?"]
[White "Dimitriadis Michael"]
[Black "Tarmak Mart"]
[Result "1/2-1/2"]
[WhiteElo "2107"]
[BlackElo "2276"]
[PlyCount "81"]
[EventDate "1998.??.??"]
[Source "www.chesslib.no"]
[SourceDate "2004.05.04"]

1. d4 d6 2. c4 g6 3. Nc3 Bg7 4. e4 Nc6 5. Be3 e5 6. Nge2 Nh6 7. f3 f5 8. d5 Ne7 9. Qd2 Nf7 10. O-O-O O-O 11. h4 f4 12. Bf2 h6 13. g3 g5 14. hxg5 hxg5 15. Bg2 a6 16. gxf4 gxf4 17. c5 Nh8 18. Bh3 Nhg6 19. Qc2 Bxh3 20. Rxh3 b6 21. c6 Kf7 22. Rdh1 Rh8 23. Qd1 Rxh3 24. Rxh3 Ng8 25. Qh1 Nf6 26. Qg2 Qe7 27. Rh1 Rg8 28. Rg1 Bh8 29. Qh3 Qe8 30. Qf5 Ne7 31. Qe6+ Kf8 32. Rxg8+ Nexg8 33. Qh3 Qh5 34. Qxh5 Nxh5 35. Bxb6 cxb6 36. Na4 b5 37. c7 Ne7 38. Nc5 Nf6 39. Nxa6 Ke8 40. Nc3 b4 41. Na4 1/2-1/2

[Event "It IM"]
[Site "?"]
[Date "1998.12.17"]
[Round "4"]
[White "Brooke John"]
[Black "Dunnington Angus J"]
[Result "0-1"]
[WhiteElo "2010"]
[BlackElo "2365"]
[PlyCount "66"]
[EventDate "1998.??.??"]
[Source "www.chesslib.no"]
[SourceDate "2004.05.04"]

1. d4 d6 2. c4 g6 3. Nc3 Bg7 4. e4 Nc6 5. d5 Ne5 6. f4 Nd7 7. Nf3 c6 8. Be2 Qb6 9. Na4 Qc7 10. O-O Ngf6 11. Bd3 O-O 12. Kh1 cxd5 13. cxd5 b5 14. Nc3 b4 15. Nb5 Qb6 16. Qe2 Nc5 17. Be3 Qb8 18. Rac1 Nxd3 19. Qxd3 Ba6 20. Nfd4 Ng4 21. a4 bxa3 22. bxa3 Nxe3 23. Qxe3 Bxb5 24. Rb1 Bxd4 25. Qxd4 Qe8 26. Rfc1 Qd7 27. Rb4 a5 28. Rb3 Rac8 29. Rcb1 Rc5 30. h4 Rfc8 31. Kh2 Qg4 32. g3 Rc2+ 33. Kg1 Qe2 0-1

[Event "President's Cup"]
[Site "Abudhabi UAE"]
[Date "1995.??.??"]
[Round "?"]
[White "Taleb, Moussa"]
[Black "Othman, Rabeea"]
[Result "1-0"]
[WhiteElo "2195"]
[BlackElo "2175"]
[PlyCount "73"]
[EventDate "1995.??.??"]
[Source "www.chesslib.no"]
[SourceDate "2004.05.04"]

1. d4 d6 2. c4 g6 3. Nc3 Bg7 4. e4 Nc6 5. Be3 e5 6. Nge2 f5 7. exf5 Bxf5 8. d5 Nb4 9. Qa4+ Nc6 10. dxc6 bxc6 11. Qxc6+ Bd7 12. Qd5 Nf6 13. Qd2 O-O 14. h3 Be6 15. Ng3 Qd7 16. Be2 Qc6 17. Bf3 Qxc4 18. Bxa8 Rxa8 19. Qe2 Qh4 20. Qb5 Rf8 21. Qa4 Qxa4 22. Nxa4 d5 23. Nc5 Bf7 24. Bg5 Re8 25. O-O h6 26. Bxf6 Bxf6 27. Rac1 e4 28. Nb3 Bxb2 29. Rxc7 d4 30. Nc5 Bc4 31. Ncxe4 Bxf1 32. Nf6+ Kh8 33. Nxe8 Bb5 34. Rb7 a6 35. Nd6 d3 36. Nxb5 axb5 37. Ne4 1-0

[Event "Oberliga Ost-B 9899"]
[Site "?"]
[Date "1999.??.??"]
[Round "?"]
[White "Koehler Ronald"]
[Black "Mueller Norbert"]
[Result "0-1"]
[WhiteElo "2245"]
[BlackElo "2110"]
[PlyCount "64"]
[EventDate "1999.??.??"]
[Source "www.chesslib.no"]
[SourceDate "2004.05.04"]

1. d4 d6 2. c4 g6 3. Nc3 Bg7 4. e4 Nc6 5. d5 Nb8 6. Bd3 e5 7. Be3 Nf6 8. f3 Nh5 9. Nge2 f5 10. c5 O-O 11. Qd2 Nd7 12. b4 a6 13. a4 Qe7 14. cxd6 cxd6 15. a5 Ndf6 16. Na4 fxe4 17. fxe4 Nxe4 18. Bxe4 Qh4+ 19. g3 Qxe4 20. O-O-O Bg4 21. Rhe1 Rac8+ 22. Kb2 Rf3 23. Ng1 Rf7 24. Nb6 Bxd1 25. Nxc8 Qc4 26. Rxd1 Qxc8 27. Kb3 Nf6 28. Bb6 Qg4 29. Ne2 Ne4 30. Qc2 Rf3+ 31. Rd3 Nf2 32. Rxf3 Qxf3+ 0-1

[Event "Slovenie (championnat clubs)"]
[Site "?"]
[Date "2004.11.27"]
[Round "8"]
[White "Kosir Pavla"]
[Black "Srebrnic Ana"]
[Result "1/2-1/2"]
[WhiteElo "2061"]
[BlackElo "2245"]
[PlyCount "132"]
[EventDate "2004.??.??"]
[Source "www.chesslib.no"]
[SourceDate "2004.05.04"]

1. d4 d6 2. c4 g6 3. Nc3 Bg7 4. e4 Nc6 5. Be3 e5 6. d5 Nce7 7. Bd3 f5 8. f3 Nf6 9. Nge2 O-O 10. Qd2 c6 11. dxc6 bxc6 12. O-O-O Qc7 13. Kb1 f4 14. Bf2 Be6 15. b3 Rab8 16. Ka1 Rfd8 17. Qc2 Bf7 18. g4 d5 19. g5 Ne8 20. Na4 d4 21. Be1 c5 22. h4 Nd6 23. Rb1 Be8 24. Nb2 Nc6 25. Nd1 Nb4 26. Bxb4 Rxb4 27. Nc1 Rdb8 28. Nb2 a5 29. a4 Nf7 30. Qg2 Nd8 31. Bc2 R4b6 32. Nbd3 Qd6 33. Nf2 Bxa4 34. bxa4 Rxb1+ 35. Bxb1 Qb6 36. Ncd3 Qb3 37. Ng4 Qa3+ 38. Qa2 Qc3+ 39. Nb2 Nc6 40. Rd1 Nb4 41. Rd3 Nxa2 42. Rxc3 Nxc3 43. Bc2 Kf7 44. Nd3 Ke6 45. Nxc5+ Kd6 46. Nd3 Rb7 47. c5+ Kc6 48. Nf6 h6 49. Nxe5+ Kxc5 50. Nxg6 hxg5 51. hxg5 d3 52. Bxd3 Kd4 53. Bb5 Ke3 54. e5 Nxb5 55. axb5 Kxf3 56. e6 Rxb5 57. e7 Rb8 58. Ka2 Ke3 59. e8=Q+ Rxe8 60. Nxe8 Bc3 61. Nf6 f3 62. Ng4+ Ke4 63. Nh4 Kf4 64. Nxf3 Kxg4 65. Ng1 Kxg5 66. Ne2 Bb4 1/2-1/2

[Event "Open"]
[Site "Hoogeveen NED"]
[Date "2007.10.14"]
[Round "3"]
[White "Middelveld, M."]
[Black "Pel, B."]
[Result "1/2-1/2"]
[WhiteElo "2009"]
[BlackElo "2280"]
[PlyCount "125"]
[EventDate "2007.10.12"]
[Source "www.chesslib.no"]
[SourceDate "2004.05.04"]

1. d4 d6 2. c4 g6 3. Nc3 Bg7 4. e4 Nc6 5. Nge2 e5 6. d5 Nce7 7. Be3 f5 8. f3 Nf6 9. c5 O-O 10. cxd6 cxd6 11. h3 b5 12. Qb3 Bd7 13. Nc1 Qa5 14. Bd3 fxe4 15. fxe4 Nh5 16. Bf2 Rxf2 17. Kxf2 Rf8+ 18. Kg1 Qb6+ 19. Kh2 Qf2 20. Rf1 Qg3+ 21. Kh1 Nf4 22. Qc2 b4 23. Nd1 Bh6 24. Rf3 Qe1+ 25. Rf1 Qh4 26. Rf3 Bg4 27. Rf1 Nxh3 28. Rxf8+ Kxf8 29. gxh3 Bf3+ 30. Kg1 Qg3+ 31. Kf1 Qxh3+ 32. Ke1 Qh1+ 33. Bf1 Bxe4 34. Nf2 Qxf1+ 35. Kxf1 Bxc2 36. Ng4 Bf4 37. Ne2 Nxd5 38. Nxf4 exf4 39. Ke2 h5 40. Nf2 Bf5 41. Rd1 Be6 42. Rd4 a5 43. a3 bxa3 44. bxa3 Ke7 45. Ne4 h4 46. Ng5 Kf6 47. Nxe6 Kxe6 48. Kf3 Ke5 49. Re4+ Kf5 50. Rd4 Ke6 51. Re4+ Kd7 52. Ra4 h3 53. Rxa5 Ke6 54. Rb5 g5 55. a4 h2 56. Kg2 Nc3 57. Rxg5 Nxa4 58. Kxh2 Nc5 59. Kg2 Ne4 60. Rh5 Ng3 61. Ra5 d5 62. Kf3 Ke5 63. Rxd5+ 1/2-1/2

[Event "Val d'Isere"]
[Site "?"]
[Date "2004.08.18"]
[Round "2.6"]
[White "Mourot Felix"]
[Black "Barbini Denis"]
[Result "1-0"]
[WhiteElo "2178"]
[BlackElo "2086"]
[PlyCount "53"]
[EventDate "2004.??.??"]
[Source "www.chesslib.no"]
[SourceDate "2004.05.04"]

1. d4 d6 2. c4 g6 3. Nc3 Bg7 4. e4 Nc6 5. d5 Nd4 6. Be3 c5 7. Nge2 Qb6 8. Qd2 Bd7 9. Rd1 Nxe2 10. Bxe2 Nf6 11. h3 Qa5 12. O-O a6 13. f4 Nh5 14. Bd3 b5 15. g4 bxc4 16. Bb1 Bxc3 17. bxc3 Ng7 18. f5 f6 19. Bh6 Rg8 20. fxg6 hxg6 21. e5 dxe5 22. Bxg6+ Kd8 23. d6 e6 24. Be4 Ra7 25. Rxf6 Ne8 26. Rf7 Kc8 27. Rb1 1-0

[Event "FRA, Nationale II 2004/2005"]
[Site "?"]
[Date "2004.11.06"]
[Round "2.4"]
[White "Lacour Serge"]
[Black "Hoffmann Regis"]
[Result "1-0"]
[WhiteElo "2118"]
[BlackElo "2143"]
[PlyCount "55"]
[EventDate "2004.??.??"]
[Source "www.chesslib.no"]
[SourceDate "2004.05.04"]

1. d4 d6 2. c4 g6 3. Nc3 Bg7 4. e4 Nc6 5. d5 Nd4 6. Be3 c5 7. Nge2 Nxe2 8. Bxe2 Nf6 9. O-O O-O 10. f4 a6 11. h3 Qc7 12. Qd2 b6 13. Bd3 e6 14. Rae1 Bd7 15. f5 exd5 16. exd5 b5 17. Bh6 Rae8 18. Ne4 Nxe4 19. Bxe4 Qd8 20. Bxg7 Kxg7 21. f6+ Kh8 22. Qh6 Rg8 23. Rf4 Rxe4 24. Rexe4 g5 25. Rf2 Rg6 26. Qh5 bxc4 27. Re7 Kg8 28. Rxf7 1-0

[Event "02sen.Bad Wildbad-Frühling-SEN"]
[Site "?"]
[Date "2001.??.??"]
[Round "5"]
[White "Fronczek Heinrich"]
[Black "Zaiser Georg"]
[Result "1-0"]
[WhiteElo "2195"]
[BlackElo "2046"]
[PlyCount "71"]
[EventDate "2001.??.??"]
[Source "www.chesslib.no"]
[SourceDate "2004.05.04"]

1. d4 d6 2. c4 g6 3. Nc3 Bg7 4. e4 Nc6 5. d5 Nb8 6. f4 e5 7. Nf3 Nd7 8. Be2 f6 9. f5 Ne7 10. Nh4 Nf8 11. O-O c6 12. Be3 c5 13. a3 Bd7 14. b4 b6 15. bxc5 bxc5 16. Rb1 Rb8 17. Qc2 Rb6 18. a4 Kf7 19. g4 a6 20. Rxb6 Qxb6 21. g5 Ng8 22. Bg4 Qd8 23. Nf3 Ke7 24. Rb1 Bc8 25. h4 h6 26. Qg2 hxg5 27. hxg5 Qd7 28. Rb6 Kd8 29. Qb2 Ne7 30. gxf6 Bxf6 31. Ng5 Bxg5 32. Bxg5 Ke8 33. Rb8 gxf5 34. exf5 Nxf5 35. Ne4 Kf7 36. Bxf5 1-0

[Event "20th Belgrade Trophy"]
[Site "Belgrade SRB"]
[Date "2007.11.30"]
[Round "9"]
[White "Jovanovic, Miro2"]
[Black "Pantic, I."]
[Result "1-0"]
[WhiteElo "2033"]
[BlackElo "2192"]
[PlyCount "100"]
[EventDate "2007.11.22"]
[Source "www.chesslib.no"]
[SourceDate "2004.05.04"]

1. d4 d6 2. c4 g6 3. Nc3 Bg7 4. e4 Nc6 5. Be3 e5 6. Nge2 Nh6 7. d5 Ne7 8. f3 f5 9. Qd2 Nf7 10. O-O-O a6 11. Kb1 Bd7 12. Nc1 Ng8 13. Bd3 Bh6 14. exf5 gxf5 15. f4 Qf6 16. Nb3 exf4 17. Bxf4 Bxf4 18. Qxf4 Ne5 19. Rhe1 O-O-O 20. Bf1 Kb8 21. c5 Ng6 22. Qb4 dxc5 23. Nxc5 Qb6 24. Qd4 Nh6 25. h4 Nf7 26. d6 Bc6 27. dxc7+ Qxc7 28. Qb4 Rxd1+ 29. Rxd1 Ka7 30. N5a4 Rd8 31. Rc1 Nge5 32. Qc5+ b6 33. Qe3 Qb7 34. b3 Ng4 35. Qf4 Nd6 36. Rd1 Be4+ 37. Ka1 Qe7 38. g3 Qf6 39. Rc1 Rc8 40. Qd2 Bb7 41. Nb2 Ne4 42. Nxe4 Rxc1+ 43. Qxc1 fxe4 44. Be2 Nh6 45. a4 Nf5 46. Qf4 Qg6 47. h5 Qf7 48. g4 Qxb3 49. Qxf5 Bd5 50. Qxh7+ Kb8 1-0

[Event "Bussum Open"]
[Site "Bussum"]
[Date "1995.??.??"]
[Round "3"]
[White "Happel, Hendrik A"]
[Black "Janssen, Arnold"]
[Result "1-0"]
[WhiteElo "2240"]
[BlackElo "1975"]
[PlyCount "109"]
[EventDate "1995.??.??"]
[Source "www.chesslib.no"]
[SourceDate "2004.05.04"]

1. d4 d6 2. c4 g6 3. Nc3 Bg7 4. e4 Nc6 5. Be3 e5 6. Nge2 Nh6 7. d5 Ne7 8. Qd2 Ng4 9. Bg5 f6 10. Bh4 h5 11. h3 Nh6 12. f3 Nf7 13. Bf2 c6 14. Nc1 cxd5 15. cxd5 Bh6 16. Bb5+ Kf8 17. Qe2 f5 18. Nd3 Ng8 19. Be3 Bxe3 20. Qxe3 f4 21. Qe2 h4 22. O-O Nf6 23. Rfc1 Nh5 24. Nf2 Ng3 25. Qc2 Rh7 26. Bf1 Ng5 27. Qb3 Re7 28. Rc2 Nh5 29. Rac1 Nf6 30. Nb5 Ne8 31. a4 Bd7 32. Qb4 Nf7 33. Na3 Rc8 34. Bb5 Rxc2 35. Rxc2 a6 36. Bxd7 Rxd7 37. Nd3 Rc7 38. Rxc7 Qxc7 39. Nc4 Kg7 40. Na5 Nd8 41. Nc4 Nf7 42. a5 Nf6 43. b3 Nd7 44. Kf2 Kf8 45. Ke2 Ke8 46. Qe1 g5 47. Qf2 Kd8 48. Kd2 Kc8 49. Qa7 Qb8 50. Nb6+ Nxb6 51. axb6 Nh6 52. Nb4 Ng8 53. Nc6 bxc6 54. dxc6 Nf6 55. Qxa6+ 1-0

[Event "LLN_Zirnd1-Kronach1R3"]
[Site "?"]
[Date "1998.??.??"]
[Round "5"]
[White "Herdin Hans-Ulrich"]
[Black "Pauli Alexander"]
[Result "0-1"]
[WhiteElo "2070"]
[BlackElo "2095"]
[PlyCount "78"]
[EventDate "1998.??.??"]
[Source "www.chesslib.no"]
[SourceDate "2004.05.04"]

1. d4 d6 2. c4 g6 3. Nc3 Bg7 4. e4 Nc6 5. Nge2 e5 6. d5 Nce7 7. Be3 f5 8. f3 Nf6 9. Qd2 O-O 10. O-O-O a6 11. Kb1 b5 12. a3 bxc4 13. Nc1 fxe4 14. fxe4 Ng4 15. Bxc4 Nxe3 16. Qxe3 Kh8 17. Nd3 Ng8 18. Nb4 Qh4 19. g3 Bh6 20. Qd3 Qh3 21. Nxa6 Bxa6 22. Bxa6 Rf2 23. Rde1 Qg2 24. Nd1 Rd2 25. Qf1 Qxf1 26. Bxf1 Rb8 27. Ba6 Nf6 28. Rhf1 Kg7 29. Rf2 Rd4 30. Ref1 Nxe4 31. Rf7+ Kg8 32. Ka1 Rxd1+ 33. Rxd1 Kxf7 34. b4 Ra8 35. Bd3 Rxa3+ 36. Kb2 Nf2 37. Rf1 Rxd3 38. Rxf2+ Ke7 39. Rc2 Kd8 0-1

[Event "Politiken Cup"]
[Site "?"]
[Date "2004.08.01"]
[Round "10"]
[White "Holst Conny"]
[Black "Helin Mikael"]
[Result "1-0"]
[WhiteElo "2141"]
[BlackElo "1939"]
[PlyCount "157"]
[EventDate "2004.??.??"]
[Source "www.chesslib.no"]
[SourceDate "2004.05.04"]

1. d4 d6 2. c4 g6 3. Nc3 Bg7 4. e4 Nc6 5. Be3 e5 6. d5 Nce7 7. Qd2 h6 8. c5 f5 9. f3 Nf6 10. cxd6 cxd6 11. Bb5+ Kf8 12. h3 f4 13. Bf2 Nh5 14. Nge2 Kg8 15. a4 Kh7 16. a5 Bd7 17. O-O g5 18. Rfc1 Nc8 19. Qc2 Nf6 20. Bxd7 Qxd7 21. Qa4 Qf7 22. Nb5 Ne8 23. Rc3 a6 24. Na3 h5 25. Rac1 Ne7 26. Qd7 g4 27. fxg4 Nf6 28. Qe6 Qxe6 29. dxe6 Nxe4 30. Rc7 Nd5 31. Rxb7 hxg4 32. hxg4 Kg6 33. Nc3 Ndxc3 34. bxc3 Ng3 35. Bxg3 fxg3 36. Rf1 e4 37. Rc7 Rae8 38. e7 Bf6 39. Rf4 Bxe7 40. Rxe4 Bd8 41. Rcc4 d5 42. Rxe8 Rxe8 43. Rc6+ Kg7 44. Kf1 Bxa5 45. Nc2 Rf8+ 46. Ke1 Rf6 47. Rc5 Bb6 48. Rxd5 Bf2+ 49. Kd1 Rh6 50. Ke2 Rh1 51. Nb4 Re1+ 52. Kf3 Re3+ 53. Kf4 Rxc3 54. Nxa6 Rc4+ 55. Kf5 Be3 56. Rd7+ Kf8 57. g5 Rf4+ 58. Ke5 Rf2 59. g6 Rxg2 60. Nc7 Bd4+ 61. Rxd4 Re2+ 62. Kd6 g2 63. Rg4 Kg7 64. Ne6+ Kg8 65. Kd5 Ra2 66. Ke5 Ra5+ 67. Kf6 Ra2 68. Nf4 Ra6+ 69. Kg5 Ra5+ 70. Kh4 Kg7 71. Nxg2 Rb5 72. Nf4 Rf5 73. Nh5+ Kg8 74. Rc4 Rf8 75. Rc7 Rf1 76. Rc8+ Rf8 77. Rxf8+ Kxf8 78. Kg5 Kg8 79. Kh6 1-0

[Event "Corr"]
[Site "?"]
[Date "1997.??.??"]
[Round "?"]
[White "Schmuckermair Ernst"]
[Black "Tarmak Mart"]
[Result "0-1"]
[WhiteElo "1911"]
[BlackElo "2157"]
[PlyCount "100"]
[EventDate "1997.??.??"]
[Source "www.chesslib.no"]
[SourceDate "2004.05.04"]

1. d4 d6 2. c4 g6 3. Nc3 Bg7 4. e4 Nc6 5. Be3 e5 6. Nge2 Nh6 7. d5 Ne7 8. f3 f5 9. Qd2 Nf7 10. O-O-O O-O 11. Kb1 a6 12. Nc1 Bd7 13. c5 dxc5 14. Bxc5 Nd6 15. Bd3 b6 16. Be3 f4 17. Bf2 a5 18. g3 fxg3 19. Bxg3 Rxf3 20. Be2 Rxc3 21. Qxc3 Nxe4 22. Qc2 Bf5 23. Bd3 Nxg3 24. hxg3 Qd6 25. Ne2 Bg4 26. Be4 Rd8 27. Rd3 Nf5 28. Rc3 Rd7 29. Nc1 Ne7 30. Rf1 Bh3 31. Rf2 Bf5 32. Bxf5 gxf5 33. Rc4 e4 34. g4 b5 35. Rc6 Nxc6 36. dxc6 Rf7 37. gxf5 e3 38. Rf3 Qe5 39. Rh3 a4 40. Nd3 e2 41. Rh1 Qe4 42. Re1 Rxf5 43. Qxe2 Qxc6 44. Rc1 Qd6 45. a3 c6 46. Qe4 Qd5 47. Qe3 h6 48. Nb4 Qg2 49. Qe6+ Kh8 50. Nc2 Rf2 0-1

[Event "Landesliga S Bayern 9495"]
[Site "GER"]
[Date "1994.??.??"]
[Round "8"]
[White "Altmann, Christoph"]
[Black "Albert, Thomas"]
[Result "1/2-1/2"]
[WhiteElo "1980"]
[BlackElo "2085"]
[PlyCount "49"]
[EventDate "1994.10.??"]
[Source "www.chesslib.no"]
[SourceDate "2004.05.04"]

1. d4 d6 2. c4 g6 3. Nc3 Bg7 4. e4 Nc6 5. Be3 e5 6. d5 Nce7 7. Bd3 f5 8. f3 Nf6 9. Qd2 O-O 10. Nge2 fxe4 11. Nxe4 Nf5 12. Bg5 c5 13. dxc6 bxc6 14. Nxf6+ Bxf6 15. Bxf6 Qxf6 16. Bxf5 Bxf5 17. O-O Rad8 18. Rad1 d5 19. Qa5 d4 20. Ng3 Rd7 21. Rfe1 Re7 22. Qc5 Rfe8 23. Ne4 Qe6 24. Ng5 Qf6 25. Ne4 1/2-1/2